|
|
|
|
| LEADER |
00000nam a2200000 a 4500 |
| 001 |
vtls001347990 |
| 003 |
SK-MaSNL |
| 005 |
20260301160604.0 |
| 008 |
240318s1990 xr 0 cze |
| 020 |
|
|
|a 8021000279
|
| 035 |
|
|
|a SNK000301263
|
| 040 |
|
|
|a SNK
|b slo
|c SNK
|e AACR2
|
| 041 |
0 |
|
|a cze
|
| 044 |
|
|
|a CZ
|
| 080 |
|
|
|a 802.0-5(075.8)
|2 1981
|
| 100 |
1 |
|
|a Hladký, Josef,
|d 1931-2008
|4 aut
|9 124652
|
| 245 |
1 |
0 |
|a Přehled anglické mluvnice
|b pro posl. fak. filoz.
|c Josef Hladký
|
| 260 |
|
|
|a Brno
|b Masarykova univ.
|c 1990
|
| 300 |
|
|
|a 55 s.
|c 4°
|
| 500 |
|
|
|a Dotlač
|
| 650 |
0 |
7 |
|a angličtina
|x gramatika
|x učebnice vysokoškolské
|2 SNK
|9 522345
|
| 919 |
|
|
|a 80-210-0027-9
|
| 958 |
|
|
|a RK
|
| 958 |
|
|
|a OND
|
| 999 |
|
|
|c 806113
|d 808043
|
| 952 |
|
|
|t P60, <04>, [BOOK], {604}
|a SNK
|b SNK
|y VYP
|7 0
|o snkIB 64527
|i snkKIP 9455/90
|0 0
|1 0
|4 0
|d 1998-11-12
|l 0
|r 2005-01-02 00:00:00
|w 2026-02-24
|
| 952 |
|
|
|t P60, <04>, [BOOK], {604}
|a SNK
|b SNK
|y VYP
|7 0
|o snkIB 64527 D1
|i snkKIP 9456/90
|0 0
|1 0
|4 0
|d 1998-11-12
|l 0
|r 2005-01-02 00:00:00
|w 2026-02-24
|